000
00306nam a2200121Ia 4500
005
20251222144823.0
008
251222s9999||||xx |||||||||||||| ||spa||
082
_a
401.41/A52
100
_a
Amaya Deza, Luis
245
0
_a
Rasgos de Semiótica General: Apuntes para un Curso
264
_b
s.e.
942
_c
LIB
999
_c
20567
_d
20567